Guess the Place from the Cantonese Name - Statistics

General Stats
  • This quiz has been taken 1,161 times
  • The average score is 26 of 40
Answer Stats
Hint Jyutping Answer % Correct
Country Bo-si-nei-aa Haak-coi-go-wai-naa Bosnia and Herzegovina
93%
Country Aa-mei-nei-aa Armenia
92%
Country Toi-waan Taiwan
92%
Country Sing-gaa-bo Singapore
91%
Country Sou-daan Sudan
90%
Country Si-lei Laan-kaa Sri Lanka
89%
Country Gaa-naa-daai Canada
87%
City Hoeng Gong Hong Kong
86%
Country Maa-loi-sai-aa Malaysia
86%
Country Saa-dei Aa-laai-baak Saudi Arabia
86%
City Ho-noi Hanoi
84%
Country Jat-bun Japan
83%
Country Taan-song-nei-aa Tanzania
83%
Country Lei-bei-aa Libya
81%
Country Lo-maa-nei-aa Romania
80%
Country Baa-baa-do-si Barbados
79%
Country Baa-gei-si-taan Pakistan
78%
Country Nau Sai-laan New Zealand
75%
City Bak-ging Beijing
74%
Country Mak-sai-go Mexico
74%
City Leon-deon London
72%
Country Zi-lei Chile
67%
City Lei-maa Lima
66%
City Mai-laan Milan
66%
City Nau Joek New York
64%
City Baa-gaak-daat Baghdad
62%
Country Ji-daai-lei Italy
56%
City Ji-si-taan-bou Istanbul
52%
City Soeng-hoi Shanghai
52%
City Kaa-saat-bou-laan-kaa Casablanca
50%
Country Fei-leot-ban Philippines
47%
City Waa-saa Warsaw
47%
City Lei-long-wai Lilongwe
43%
City Joek-hon-noi-si-bou Johannesburg
37%
City Do-leon-do Toronto
37%
City Wan-nei-baak Winnipeg
28%
City Nei-gu-sai-aa Nicosia
22%
City Ging-si-deon Kingston
20%
City Sing Bou-lo São Paulo
13%
City Dei-laai-naa Tirana
9%
No matching quizzes found
Score Distribution
Percent of People with Each Score
Percentile by Number Answered
Your Score History
You have not taken this quiz